|
|
|
|
| LEADER |
01244nam a2200397 4500 |
| 001 |
000007127 |
| 003 |
3288 |
| 005 |
20120515100559.0 |
| 008 |
110926s2010 viesd |
| 020 |
|
|
|c 000đ
|
| 041 |
0 |
|
|a vie
|
| 082 |
|
|
|a 398.20959753
|b CA-C
|
| 100 |
0 |
|
|a Cao Chư
|
| 245 |
|
0 |
|a Văn Hóa dân gian xã Tịnh Khê
|c Cao Chư
|
| 260 |
|
|
|a H.
|b Đại học Quốc gia
|c 2010
|
| 300 |
|
|
|a 311 tr
|b bảng, hình ảnh
|c 21 cm
|
| 500 |
|
|
|a ĐTTS ghi: Hội Văn nghệ dân gian Việt Nam
|
| 650 |
|
|
|a Dân gian
|
| 653 |
|
|
|a Văn hóa
|
| 653 |
|
|
|a Tịnh Khê
|
| 653 |
|
|
|a Nghệ Thuật
|
| 653 |
|
|
|a Phong tục
|
| 653 |
|
|
|a Tín ngưỡng
|
| 653 |
|
|
|a lễ hội
|
| 700 |
|
|
|a Cao Chư
|
| 910 |
|
|
|a Nguyễn Thị Kim Oanh
|d 26/09/2011
|
| OWN |
|
|
|a LSP
|
| AVA |
|
|
|a UDN50
|b LSP
|d 398.20959753 CA-C
|e available
|t Error 5001 Not defined in file expand_doc_bib_avail.
|f 2
|g 0
|h N
|i 0
|k 1
|
| 999 |
|
|
|a From the UDN01
|
| AVA |
|
|
|a UDN50
|b LSP
|d 398.20959753 CA-C
|e available
|t Error 5001 Not defined in file expand_doc_bib_avail.
|f 2
|g 0
|h N
|i 0
|k 1
|
| TYP |
|
|
|a Monograph
|
| TYP |
|
|
|a Printed language
|
| 980 |
|
|
|a Mạng thư viện Đại học Đà Nẵng
|